Chun qiu Zuo zhuan gu /

Disimpan dalam:
Butiran Bibliografi
Pengarang Utama: Hong, Liangji, 1746-1809.
Pengarang Korporat: Puban Collection.
Format: Buku
Bahasa:Chinese
Diterbitkan: [Jiangyin] : Nan jing shu yuan, Guangxu 14 [1888]
Siri:Huang Qing jing jie xu bian ; 56-62.
Subjek-subjek:
Penanda-penanda: Tambah Penanda
Tiada Penanda, Jadilah orang pertama menanda rekod ini!
LEADER 01201cam a2200337ua 4500
001 007740165-4
005 20024617111505.0
008 960619s1888 cc 000 0 chi d
035 0 |a ocn976809977 
035 0 |a ocm35186200 
040 |a CaBVaU  |c CaBVaU  |d OCoLC  |d *YNH*  |d CStRLIN 
100 1 |6 880-01  |a Hong, Liangji,  |d 1746-1809. 
245 1 0 |6 880-02  |a Chun qiu Zuo zhuan gu /  |c Hong Liangji. 
260 |6 880-03  |a [Jiangyin] :  |b Nan jing shu yuan,  |c Guangxu 14 [1888] 
300 |a 7 v. 
490 1 |6 880-04  |a Huang Qing jing jie xu bian ;  |v 56-62 
500 |a Block print. 
500 |a Double leaves, oriental style, in case. 
600 0 0 |6 880-05  |a Confucius.  |t Chun qiu. 
600 1 0 |6 880-06  |a Zuoqiu, Ming.  |t Zuo zhuan. 
710 2 |a Puban Collection. 
880 1 |6 100-01  |a 洪亮吉,  |d 1746-1809. 
880 1 0 |6 245-02  |a 春秋左傳詁 /  |c 洪亮吉. 
880 |6 260-03  |a [江陰] :  |b 南菁書院,  |c 光緖14 [1888] 
880 1 |6 490-04  |a 皇清經解續編 ;  |v 56-62 
880 0 0 |6 600-05  |a Confucius.  |t 春秋. 
880 1 0 |6 600-06  |a 左丘明.  |t 左傳. 
830 0 |6 880-54  |a Huang Qing jing jie xu bian ;  |v 56-62. 
880 0 |6 830-54  |a 皇清經解續編 ;  |v 56-62. 
988 |a 20021109 
906 |0 OCLC